| 000 | 00778nam a22002537a 4500 | ||
|---|---|---|---|
| 003 | INP | ||
| 005 | 20260622100244.0 | ||
| 008 | 230823b1956 us ||||f |||| 000 0 eng d | ||
| 040 |
_aEG-INP _beng _cEG-INP |
||
| 082 |
_221 _a338.9 _bH . E |
||
| 100 | _aHarbison. Frederic | ||
| 245 |
_aEntrepreneurial Organization as a Factor in Economic Development / _cFrederic Harbison |
||
| 260 |
_aNew Jersey _bThe Quarterly Journal of Economics _c1956 |
||
| 300 |
_a24p _bpaper _c20cm |
||
| 310 | _a364-378 | ||
| 490 |
_aStudies in Labor and Industrialization _v9 |
||
| 650 |
_2qmat _aEntrepreneurial Organization _91130 |
||
| 650 |
_2qmat _aEconomic development _93803 |
||
| 650 |
_aEconomic policy _9947 |
||
| 901 | _aINP | ||
| 902 | _aegpv34 | ||
| 903 | _acopycat | ||
| 999 |
_c17912 _d17912 |
||